00396 2200157 4500001002100000005001500021035002000036245005100056100002100107300002600128260002800154082000800182084001400190020002200204990001200226INLIS00000000000300020250918084622 a0010-09250003471 aPemilik Hati Yang Sempurna /cEidelweis Almira0 aEidelweis Almira a184 hlm ;c13 x 19 cm aJakarta :bZettu,c2013 a813 a813 EID p a978-602-7735-60-6 a0755633